El derecho fundamental en el nuevo Código de derecho canónico / (Record n. 37020)
[ formato base ]
| 000 -LEADER | |
|---|---|
| fixed length control field | 00736nam a2200217 i 4500 |
| 003 - CONTROL NUMBER IDENTIFIER | |
| control field | IT-RoINE |
| 005 - DATE AND TIME OF LATEST TRANSACTION | |
| control field | 20221017135523.0 |
| 008 - FIXED-LENGTH DATA ELEMENTS--GENERAL INFORMATION | |
| fixed length control field | 220623s1983 sp |||||r2||| 00| | spa d |
| 040 ## - CATALOGING SOURCE | |
| Original cataloging agency | IT-RoINE |
| 100 1# - MAIN ENTRY--PERSONAL NAME | |
| 9 (RLIN) | 3163 |
| Personal name | Larrabe, José Luis |
| 245 13 - TITLE STATEMENT | |
| Title | El derecho fundamental en el nuevo Código de derecho canónico / |
| Statement of responsibility, etc | José Luis Larrabe. |
| 260 ## - PUBLICATION, DISTRIBUTION, ETC. (IMPRINT) | |
| Place of publication, distribution, etc | Madrid : |
| Name of publisher, distributor, etc | Instituto pontificio de teologia, |
| Date of publication, distribution, etc | 1983. |
| 300 ## - PHYSICAL DESCRIPTION | |
| Extent | P. [221]-236 ; |
| Dimensions | 24 cm. |
| 336 ## - CONTENT TYPE | |
| Source | rdacontent |
| Content type term | text |
| 337 ## - MEDIA TYPE | |
| Source | rdamedia |
| Media type term | unmediated |
| 338 ## - CARRIER TYPE | |
| Source | rdacarrier |
| Carrier type term | volume |
| 500 ## - GENERAL NOTE | |
| General note | Separata de: Studium XXIII, 1983. |
| 504 ## - BIBLIOGRAPHY, ETC. NOTE | |
| Bibliography, etc | Incluye referencias bibliográficas en notas. |
| 650 #4 - SUBJECT ADDED ENTRY--TOPICAL TERM | |
| 9 (RLIN) | 12026 |
| Topical term or geographic name as entry element | Derecho canónico |
| Form subdivision | Legislación |
| -- | Códigos |
| 942 ## - ADDED ENTRY ELEMENTS (KOHA) | |
| Item type | Monografías |
| Withdrawn status | Lost status | Damaged status | Not for loan | Home library | Current library | Shelving location | Date acquired | Total Checkouts | Full call number | Barcode | Date last seen | Price effective from | Koha item type |
|---|---|---|---|---|---|---|---|---|---|---|---|---|---|
| Iglesia Nacional Española en Roma | Iglesia Nacional Española en Roma | Depósito | 17/10/2022 | COL.D 27.315 | 64770 | 17/10/2022 | 17/10/2022 | Monografías |